Score 0/15 Timer 03:00
0 Plays Today
% Correct
Miley Cyrus
93.1%
Arnold Schwarzenegger
74.9%
Reese Witherspoon
73.2%
David Bowie
65.5%
Dakota Fanning
65.3%
Rupert Grint
64.2%
George Clooney
63.3%
Megan Fox
58%
% Correct
Danny Glover
55.4%
David Cameron
50.9%
Denise Richards
50.1%
Alyson Hannigan
40.2%
Jeremy Irons
37.4%
Luke Perry
28.4%
James Cromwell
22.6%
Remove Ads.
Support Sporcle.
Get the best of Sporcle when you Go Orange. This ad-free experience offers more features, more stats, and more fun while also helping to support Sporcle. Thank you for becoming a member.

You're not logged in!

Compare scores with friends on all Sporcle quizzes.
OR
Log In

Show Comments

Extras

Top Quizzes Today


Score Distribution

Your Account Isn't Verified!

In order to create a playlist on Sporcle, you need to verify the email address you used during registration. Go to your Sporcle Settings to finish the process.

Report this User

Report this user for behavior that violates our Community Guidelines.

Details: